Ioanna Patera, Offrir en Grèce ancienne. Gestes et contextes, Alte Geschichte. Potsdamer Altertumswissenschaftliche Beiträge, 41, Stuttgart, Franz Steiner Verlag, 2012, 292 pages, 22 figures (notice n° 1603009)
[ vue normale ]
| 000 -LEADER | |
|---|---|
| fixed length control field | 01832cam a2200169 4500500 |
| 005 - DATE AND TIME OF LATEST TRANSACTION | |
| control field | 20251228091043.0 |
| 041 ## - LANGUAGE CODE | |
| Language code of text/sound track or separate title | fre |
| 042 ## - AUTHENTICATION CODE | |
| Authentication code | dc |
| 100 10 - MAIN ENTRY--PERSONAL NAME | |
| Personal name | Huysecom-Haxhi, Stéphanie |
| Relator term | author |
| 245 00 - TITLE STATEMENT | |
| Title | Ioanna Patera, Offrir en Grèce ancienne. Gestes et contextes, Alte Geschichte. Potsdamer Altertumswissenschaftliche Beiträge, 41, Stuttgart, Franz Steiner Verlag, 2012, 292 pages, 22 figures |
| 260 ## - PUBLICATION, DISTRIBUTION, ETC. | |
| Date of publication, distribution, etc. | 2016.<br/> |
| 500 ## - GENERAL NOTE | |
| General note | 81 |
| 520 ## - SUMMARY, ETC. | |
| Summary, etc. | Dans la Lettre à Anébon, Porphyre attache une importance particulière à la question de savoir si les prières peuvent persuader (πείθειν) les dieux et exercer une contrainte (ἀνάγκη) sur eux, en influençant ainsi leurs décisions. L’article met en évidence son arrière-plan platonicien et le rôle de Plotin dans sa fortune néoplatonicienne. Il étudie également la réaction critique de Jamblique à cette question, dans sa Réponse à Porphyre ( De mysteriis), en examinant son fondement doctrinal, ainsi que ses affinités avec la perspective stoïcienne sur la prière. |
| 520 ## - SUMMARY, ETC. | |
| Summary, etc. | In the Letter to Anebo, Porphyry attaches particular importance to determining whether prayers can persuade (πείθειν) gods and coerce (ἀνάγκη) on them, thus influencing their decisions. The article highlights the Platonic background of this very question and Plotinus’ role in its Neoplatonic reception. It also examines Iamblichus’ critical reaction to the same question in De mysteriis, examining its doctrinal basis and its affinities with the Stoic perspective on prayer. |
| 786 0# - DATA SOURCE ENTRY | |
| Note | Revue de philologie, de littérature et d'histoire anciennes | LXXXVIII | 2 | 2016-11-14 | p. 177k-198k | 0035-1652 |
| 856 41 - ELECTRONIC LOCATION AND ACCESS | |
| Uniform Resource Identifier | <a href="https://shs.cairn.info/revue-de-philologie-litterature-et-histoire-anciennes-2014-2-page-177k?lang=fr&redirect-ssocas=7080">https://shs.cairn.info/revue-de-philologie-litterature-et-histoire-anciennes-2014-2-page-177k?lang=fr&redirect-ssocas=7080</a> |
Pas d'exemplaire disponible.




Réseaux sociaux